| 000 | 00575nam a2200193 a 4500 | ||
|---|---|---|---|
| 005 | 20140414093832.0 | ||
| 008 | 020926s19uu xx 00 eng d | ||
| 050 |
_aVHS 900 _bOR 16 |
||
| 100 | _aTime Life | ||
| 245 |
_aInca _bsecrets of the ancestors |
||
| 260 |
_aSingapore _bTime Life Asia _cc1995 |
||
| 300 | _a48 mins. | ||
| 440 | _aTime Life's civilization | ||
| 500 | _anarrated by Sam Waterson | ||
| 520 | _aWhile dominating a Kingdom challenged by the harshest environmental conditions known to man. | ||
| 650 | _aHistory | ||
| 942 | _cAVM | ||
| 999 |
_c108804 _d108804 |
||